| 000 | 01100nam a2200265 i 4500 | ||
|---|---|---|---|
| 001 | bg | ||
| 245 | 0 | 0 |
_aEwidencja gruntów i budynków : _bgeodezyjna ewidencja sieci uzbrojenia terenu / _cpod red. Stanisława Surowca ; [aut. Grzegorz Czech et al.]. |
| 250 | _aWyd. 2 zm. i uzup. | ||
| 260 |
_aOlsztyn : _bWydaw. Uniwersytetu Warmińsko-Mazurskiego, _c2003. |
||
| 300 |
_a193 s., [5] k. tabl. : _bil., mapy ; _c24 cm. |
||
| 500 | _aWyd. 1 pt.: Ewidencja gruntów, budynków i sieci uzbrojenia terenu. | ||
| 504 | _aBibliogr. przy rozdz. | ||
| 650 | 9 |
_aKataster nieruchomości _zPolska _yod 1989 r. |
|
| 655 | _aPodręczniki akademickie | ||
| 700 | 1 |
_aSUROWIEC, Stanisław. _eRed. |
|
| 700 | 1 | _aCZECH, Grzegorz | |
| 020 | _a8372992401 | ||
| 040 | _cBPK | ||
| 041 | 0 | _apol | |
| 080 | _a332.6:528.3/.4:528.7](438)"1989/..."(075.8) | ||
| 920 | _a83-7299-240-1 | ||
| 942 | _cKS | ||
| 008 | s pl f |000 0 pol | ||
| 999 |
_c43662 _d43662 |
||
| 856 |
_uhttp://koha.tu.koszalin.pl/cgi-bin/koha/opac-detail.pl?biblionumber=43662 _yKatalog online BPK |
||